<?xml version="1.0" encoding="UTF-8"?>
<record
    xmlns:xsi="http://www.w3.org/2001/XMLSchema-instance"
    xsi:schemaLocation="http://www.loc.gov/MARC21/slim http://www.loc.gov/standards/marcxml/schema/MARC21slim.xsd"
    xmlns="http://www.loc.gov/MARC21/slim">

  <leader>01278nam a22002297a 4500</leader>
  <controlfield tag="008">160910s2003        mx||||| |||| 00| 0 ita d</controlfield>
  <datafield tag="082" ind1="0" ind2="4">
    <subfield code="a">708</subfield>
    <subfield code="b">M611m</subfield>
  </datafield>
  <datafield tag="100" ind1="1" ind2=" ">
    <subfield code="a">Macr&#xEC;, Teresa.</subfield>
    <subfield code="9">5496</subfield>
  </datafield>
  <datafield tag="245" ind1="1" ind2="0">
    <subfield code="a">Mexico attacks! /</subfield>
    <subfield code="c">curadur&#xED;a por Teresa Macr&#xEC;.</subfield>
  </datafield>
  <datafield tag="250" ind1=" " ind2=" ">
    <subfield code="a">1a ed.</subfield>
  </datafield>
  <datafield tag="260" ind1=" " ind2=" ">
    <subfield code="a">Italia :</subfield>
    <subfield code="b">Associazione Prometeo per l'Arte Contemporanea,</subfield>
    <subfield code="c">2003.</subfield>
  </datafield>
  <datafield tag="300" ind1=" " ind2=" ">
    <subfield code="a">86 p.</subfield>
    <subfield code="b">il. col.</subfield>
  </datafield>
  <datafield tag="500" ind1=" " ind2=" ">
    <subfield code="a">Cat&#xE1;logo publicado con motivo a la exposici&#xF3;n "Mexico attacks!" presentada en Chiesa di San Matteo, el 1 de febrero de 2003.</subfield>
  </datafield>
  <datafield tag="505" ind1="0" ind2=" ">
    <subfield code="t">Mexico Attacks, ovvero quando i latinos assaltano l'immaginario / Mexico Attacks: when the latinos assault the imaginery</subfield>
    <subfield code="r">Teresa Macr&#xED;.</subfield>
    <subfield code="t">Dinamiche trans-fronterizie, il muro tra Tijuana e San Diego / Trans-frontier dynamics, the wall between Tijuana and San Diego</subfield>
    <subfield code="r">Fimma Montezemolo.</subfield>
    <subfield code="t">Estetica del cinema ormonale / Aesthetics of hormonal cinema</subfield>
    <subfield code="r">Roberto Silvestri.</subfield>
    <subfield code="t">Artistas: Carlos Amorales, Artemio, Gustavo Artigas, Jos&#xE9; Davila, Teresa arglles, Ces&#xE1;s Mart&#xED;nez, Yoshua Ok&#xF3;n, Santiago Sierra, Melanie Smith.</subfield>
  </datafield>
  <datafield tag="653" ind1="1" ind2="0">
    <subfield code="a">Arte contempor&#xE1;neo </subfield>
  </datafield>
  <datafield tag="653" ind1="1" ind2="0">
    <subfield code="a">Cat&#xE1;logo de exhibici&#xF3;n</subfield>
  </datafield>
  <datafield tag="653" ind1="1" ind2="0">
    <subfield code="a">Exhibiciones</subfield>
  </datafield>
  <datafield tag="653" ind1="1" ind2="0">
    <subfield code="a">Arte posmodernismo</subfield>
  </datafield>
  <datafield tag="653" ind1="1" ind2="0">
    <subfield code="a">Intslaciones</subfield>
  </datafield>
  <datafield tag="653" ind1="1" ind2="0">
    <subfield code="a">Arte - M&#xE9;xico </subfield>
  </datafield>
  <datafield tag="653" ind1="1" ind2="0">
    <subfield code="a">Videoarte</subfield>
  </datafield>
  <datafield tag="999" ind1=" " ind2=" ">
    <subfield code="c">1046</subfield>
    <subfield code="d">1046</subfield>
  </datafield>
  <datafield tag="952" ind1=" " ind2=" ">
    <subfield code="0">0</subfield>
    <subfield code="1">0</subfield>
    <subfield code="2">ddc</subfield>
    <subfield code="4">0</subfield>
    <subfield code="7">0</subfield>
    <subfield code="a">LV</subfield>
    <subfield code="b">LV</subfield>
    <subfield code="c">Monograf&#xED;as</subfield>
    <subfield code="d">2016-09-10</subfield>
    <subfield code="l">0</subfield>
    <subfield code="o">708 M611m</subfield>
    <subfield code="p">001024</subfield>
    <subfield code="r">2016-09-10 00:00:00</subfield>
    <subfield code="w">2016-09-10</subfield>
    <subfield code="y">01</subfield>
  </datafield>
</record>
